• 首页
  • 本馆介绍
  • 公告通知
  • 最新文献
  • 馆藏检索
  • 电子资源
  • 读者导购
  • 参考咨询
  • 我的图书馆
  • 登录
  • 详细信息显示
  • 放入我的书架
  • 预约/预借图书
  • 作者相关作品
  • 分类相关作品
  • 丛书相关作品
  • 出版社相关作品

书目信息

  • 表格格式
  • 工作单格式
  • 卡片格式
题名:
动物营养与饲料实训教程
    
 
作者: 张卫宪 , 李勇 主编
分册:  
出版信息: 北京   中国轻工业出版社  2015
页数: 67页
开本: 24cm
丛书名:
单 册:
中图分类: S816
科图分类:
主题词: 动物营养--教材--高等职业教育--营养学 , 动物--教材--高等职业教育--饲料
电子资源:
ISBN: 978-7-5184-0425-4
000 00961nam0 2200253 450
001 726
005 20160908110404.00
010    @a978-7-5184-0425-4@dCNY20.00
100    @a20150422d2015 em y0chiy50 ea
101 0  @achi
102    @aCN@b110000
105    @aa z 000yy
200 1  @a动物营养与饲料实训教程@9dong wu ying yang yu si liao shi xun jiao cheng@f张卫宪,李勇主编
210    @a北京@c中国轻工业出版社@d2015
215    @a67页@c图,照片@d24cm
300    @a全国农业高职院校“十二五”规划教材
330    @a本书主要包括动物饲料分析的基础知识、分析结果的表示与数据处理、动物饲料样品的采集与制备、动物饲料常规营养成分分析、动物饲料加工特性的检测、技能训练六章内容。
606 0  @a动物营养@j教材@x高等职业教育@x营养学
606 0  @a动物@j教材@x高等职业教育@x饲料
690    @aS816@v5
701  0 @a张卫宪@9zhang wei xian@f(1961~)@4主编
701  0 @a李勇@9li yong@c(动物)@4主编
801  0 @aCN@b唐山师范学院图书馆@c20160723
905    @aZUCC@dS816@e126
    
    动物营养与饲料实训教程/张卫宪,李勇主编.-北京:中国轻工业出版社,2015
    67页:图,照片;24cm
    全国农业高职院校“十二五”规划教材
    
    ISBN 978-7-5184-0425-4:CNY20.00
    本书主要包括动物饲料分析的基础知识、分析结果的表示与数据处理、动物饲料样品的采集与制备、动物饲料常规营养成分分析、动物饲料加工特性的检测、技能训练六章内容。
●
相关链接 在E读中查询图书 在五车中查询图书 在当当中查询图书 在豆瓣中查询图书


正题名:动物营养与饲料实训教程     索取号:S816/126         预约/预借

序号 登录号 条形码 馆藏地/架位号 状态 备注
1 903170   209031705   第二样本阅览室/ [索取号:S816/126] 在馆    
2 903171   209031714   第三借阅区/ [索取号:S816/126] 在馆    
3 903172   209031723   第三借阅区/ [索取号:S816/126] 在馆    
4 903173   209031732   第三借阅区/ [索取号:S816/126] 在馆    
唐山师范学院图书馆 欢迎您!
大连网信软件有限公司© 版权所有